Statistics for Countries Without First or Last Letter Quiz #11

Click here to take the quiz!

General Stats

  • This quiz has been taken 48 times
  • The average score is 14 of 14

Answer Stats

Countries Without First or Last LettersFull Country Names% Correct
ustraliAustralia
100%
elgiuBelgium
100%
entra frica epubliCentral African Republic
100%
stoniEstonia
100%
ndonesiIndonesia
100%
anzaniTanzania
100%
rmeniArmenia
98%
hinChina
98%
aitHaiti
98%
esothLesotho
98%
eychelleSeychelles
98%
urundBurundi
96%
hailanThailand
96%
uineGuinea
94%

Score Distribution

Percentile by Number Answered

Percent of People with Each Score

Your Score History

You have not taken this quiz